| 000 | 00411nam a2200169Ia 4500 | ||
|---|---|---|---|
| 008 | 230524s9999 xx 000 0 und d | ||
| 020 | _a97801994595754 | ||
| 082 | _bRAJ | ||
| 100 |
_aR.Rajagopalan _942341 |
||
| 245 | 0 | _a"Environmental Studies , " | |
| 250 | _a3 | ||
| 260 |
_aNew Delhi _bOxford _c2016 |
||
| 300 | _a"XXVI,334p;" | ||
| 500 | _aQuantity Number: 1 | ||
| 650 | _aEnvironmental | ||
| 942 | _cBK | ||
| 999 |
_c56668 _d56668 |
||